| 000 | 01413nmc a2200469 a 4500 | ||
|---|---|---|---|
| 003 | AR-BaBNM | ||
| 005 | 20251128204935.0 | ||
| 008 | 286019s1992 ||||||||||||||000 | spa|| | ||
| 020 | _a968-16-3917-0 | ||
| 040 | _cAR-BaBNM | ||
| 245 | 1 | 0 | _aMacroeconomía del populismo en la América Latina |
| 250 | _a1ª ed. | ||
| 260 |
_aMéxico, D.F. _bFondo de Cultura Económica _c1992 |
||
| 300 | 0 |
_a458 p. _btablas, gráfs. |
|
| 490 | 0 |
_aLecturas. Serie de lecturas de El Trimestre Económico _vv. 75 |
|
| 500 | 0 | _aIndice de autores: p. 451-452 | |
| 600 | 1 | 4 | _aSturzenegger, Federico A. |
| 600 | 1 | 4 | _aDi Tella, Guido |
| 600 | 1 | 4 | _aFernández, Roque B. |
| 600 | 1 | 4 | _aLarrain, Felipe |
| 600 | 1 | 4 | _aMeller, Patricio |
| 600 | 1 | 4 | _aurrutia, Miguel |
| 600 | 1 | 4 | _aCariaga, Juan L. |
| 600 | 1 | 4 | _aCalvo, Guillermo A. |
| 600 | 1 | 4 | _aOcampo, José Antonio |
| 600 | 1 | 4 | _aLevy, Santiago |
| 600 | 1 | 4 | _aBazdresch P., Carlos |
| 650 | 4 | _aECONOMIA | |
| 650 | 4 | _aMACROECONOMIA | |
| 650 | 4 | _aIDEOLOGIAS POLITICAS | |
| 650 | 4 | _aPOLITICA ECONOMICA | |
| 650 | 4 | _aDISTRIBUCION DE INGRESOS | |
| 650 | 4 | _aINFLACION | |
| 650 | 4 | _aESTABILIZACION ECONOMICA | |
| 651 | 4 | _aAmérica Latina | |
| 700 | 1 |
_aDornbusch, Rudiger _ecompilador |
|
| 700 | 1 |
_aEdwards, Sebastián _ecompilador |
|
| 700 | 1 |
_aSuárez, Eduardo L. _etraductor |
|
| 800 | 1 |
_aBazdresch P., Carlos _edirector |
|
| 942 | _cBK | ||
| 998 | _cEnrique | ||
| 999 |
_c9422 _d9422 |
||